|
|
|
|
| LEADER |
00000cam a2200000 a 4500 |
| 001 |
vtls001322797 |
| 003 |
SK-MaSNL |
| 005 |
20260302033222.0 |
| 008 |
250414s1997 xo aa fr 10000 slo |
| 015 |
|
|
|a SNBA1998/07-02423
|
| 020 |
|
|
|a 8088682266
|
| 035 |
|
|
|a SNK000275479
|
| 035 |
|
|
|a urn:nbn:sk:snk-amjqwn
|
| 035 |
|
|
|a urn:nbn:sk:snk:ar-a0coyj
|
| 035 |
|
|
|a 010c1d3b-063e-43c5-9b37-067b94530618
|
| 040 |
|
|
|a SNK
|b slo
|c SNK
|e AACR2
|
| 041 |
0 |
|
|a slo
|
| 044 |
|
|
|a xo
|c SK
|
| 080 |
|
|
|a 623:356(082)\
|2 1981
|
| 080 |
|
|
|a 356(082)\
|2 1981
|
| 111 |
2 |
|
|a Smery vývoja techniky pozemného vojska
|n (3. :
|d 1997 :
|c Liptovský Mikuláš, Slovensko)
|4 aut
|9 64220
|
| 245 |
0 |
0 |
|a Smery vývoja techniky pozemného vojska
|b vedecká konferencia, 26.-27. 11. 1997, Liptovský Mikuláš
|c [editori: Puškár, A. ... [et al.]]
|
| 260 |
|
|
|a Senec
|b Inzertná a sprostredkovateľská kancelária
|c 1997
|
| 300 |
|
|
|a 334 s.
|b fotogr., sch., tab.
|c 21 cm
|
| 500 |
|
|
|a Čiast. text angl., čes. a poľ.
|
| 500 |
|
|
|a Údaj o edit. prevzatý z tiráže
|
| 500 |
|
|
|a Vydané v spolupráci s Fak. logistiky VA, Liptovský Mikuláš
|
| 504 |
|
|
|a Bibliogr. odkazy
|
| 650 |
0 |
7 |
|a technika vojenská
|x vojsko pozemné
|x zborníky
|2 SNK
|9 286561
|
| 655 |
|
7 |
|a zborníky konferencií
|2 SNKPH
|9 70153
|
| 655 |
|
7 |
|a issue_zb
|2 SNK
|9 276493
|
| 700 |
1 |
|
|a Puškár, A.
|4 com
|9 8611
|
| 710 |
0 |
|
|a Vojenská akadémia v Liptovskom Mikuláši.
|b Fakulta logistiky
|4 pbl
|9 32752
|
| 852 |
|
|
|a Slovenská národná knižnica
|
| 919 |
|
|
|a 80-88682-26-6
|
| 954 |
|
|
|a odborná, vedecká literatúra pôvodná (slovenská)
|2 lita
|
| 954 |
|
|
|a odborná, vedecká literatúra cudzojazyčná (svetová)
|2 lita
|
| 958 |
|
|
|a ART
|
| 958 |
|
|
|a TL
|
| 958 |
|
|
|a NB
|
| 958 |
|
|
|a OND
|
| 999 |
|
|
|c 1060713
|d 1062643
|
| 952 |
|
|
|t P60, <09>, [BOOK], {629}
|a SNK
|b SNK
|y NEVYP
|7 0
|o snkC 211
|i snk398/980306
|0 0
|1 0
|4 0
|d 1998-03-03
|l 0
|r 2005-01-02 00:00:00
|w 2026-02-24
|
| 952 |
|
|
|t P60, <03>, [BOOK], {603}
|a SNK
|b SNK
|y PREZ
|7 0
|p 17A0125566
|o snkSC 95167
|i snkKSP 2186/98
|0 0
|1 0
|4 0
|d 1998-03-03
|l 0
|r 2025-09-12 00:00:00
|w 2026-02-24
|
| 952 |
|
|
|t P60, <04>, [BOOK], {604}
|a SNK
|b SNK
|y VYP
|7 0
|p 17A0125565
|o snkSC 95167 D1
|i snkKSP 2187/98
|0 0
|1 0
|4 0
|d 1998-03-03
|l 0
|r 2005-01-02 00:00:00
|w 2026-02-24
|